Club Brugge players 2020-2021 - Statistics

General Stats
  • This quiz has been taken 69 times
  • The average score is 14 of 35
Answer Stats
Positie Answer % Correct
GK Mignolet
100%
DF Mechele
93%
MID Vanaken
93%
ATT Lang
83%
MID Vormer
80%
MID Rits
76%
DF Clinton Mata
74%
MID De Ketelaere
67%
MID Balanta
59%
DF Sobol
59%
ATT Dost
52%
GK Horvath
52%
DF Ricca
48%
ATT Diatta
46%
ATT Dennis
39%
DF Kossounou
39%
DF Deli
33%
DF De Cuyper
30%
DF Denswil
30%
GK Letica
28%
DF Van Der Brempt
28%
ATT Okereke
24%
DF Mitrovic
20%
ATT Openda
20%
ATT Dirar
17%
ATT Perez
17%
MID Van den Keybus
17%
ATT Badji
15%
ATT Chong
15%
ATT Schrijvers
15%
ATT Krmencik
11%
ATT Rezaei
7%
DF Voet
7%
DF Peres
2%
ATT Vlietinck
2%
No matching quizzes found
Score Distribution
Percent of People with Each Score
Percentile by Number Answered
Your Score History
You have not taken this quiz